Najpopularniejsze kanały telewizyjne dla dzieci w Polsce - Statystyki

Ogólne statystyki
  • Ten quiz został rozwiązany 276 razy
  • Średni wynik to 8 z 17
Statystyki odpowiedzi
Miejsca Kanały telewizyjne % Poprawnych
15 TVP ABC
81%
6 Disney Junior
78%
10 Nick Jr
77%
2 Baby TV
70%
16 Duck TV
69%
4 Cartoon Network
66%
5 Disney Channel
63%
12 MiniMini+
63%
8 Nickelodeon
61%
7 Disney XD
56%
11 Polsat JimJam
34%
13 teleTOON+
29%
3 BBC Cbeebies
23%
9 NickToons
23%
17 Da Vinci
14%
14 Top Kids
14%
1 2x2
6%
Nie znaleziono quizów pasujących do podanych kryteriów
Rozkład punktacji
Procent ludzi z każdym wynikiem
Percentyl według liczby udzielonych odpowiedzi
Twoja historia wyników
Nie rozwiązałeś tego quizu